000 00356nam a22001337a 4500
008 180205b xxu||||| |||| 00| 0 eng d
020 _a1569000840
041 _aeng
080 _a615.83
100 _a615.83 ROS
101 _a8
245 _aAdults with Developmental Disabilities: Current Approaches in Occupational Therapy
_cRoss, M
942 _2udc
_cBK
999 _c41770
_d41770